The patient and the analyst; (Record no. 405)

MARC details
000 -LEADER
fixed length control field 00774nam a2200253 4500
005 - DATE AND TIME OF LATEST TRANSACTION
control field 20260322212018.0
008 - FIXED-LENGTH DATA ELEMENTS--GENERAL INFORMATION
fixed length control field data
010 ## - LIBRARY OF CONGRESS CONTROL NUMBER
LC control number 73007023 // r75
020 ## - INTERNATIONAL STANDARD BOOK NUMBER
International Standard Book Number 0823640302
020 ## - INTERNATIONAL STANDARD BOOK NUMBER
International Standard Book Number 9780823640300
050 0# - LIBRARY OF CONGRESS CALL NUMBER
Classification number RC506
Item number .S24
096 ## - LOCALLY ASSIGNED NLM-TYPE CALL NUMBER (OCLC)
Classification number WM 460 S51p 1973
001 - CONTROL NUMBER
control field data
100 1# - MAIN ENTRY--PERSONAL NAME
Personal name Sandler, Joseph.
245 14 - TITLE STATEMENT
Title The patient and the analyst;
Remainder of title the basis of the psychoanalytic process
Statement of responsibility, etc. [by] Joseph Sandler, Christopher Dare [and] Alex Holder.
260 ## - PUBLICATION, DISTRIBUTION, ETC.
Place of publication, distribution, etc. New York,
Name of publisher, distributor, etc. International Universities Press
Date of publication, distribution, etc. [1973]
300 ## - PHYSICAL DESCRIPTION
Extent 150 p.
Dimensions 23 cm.
504 ## - BIBLIOGRAPHY, ETC. NOTE
Bibliography, etc. note Bibliography: p. 129-143.
590 ## - LOCAL NOTE (RLIN)
Local note Bibliography, p. 129-143.
650 #0 - SUBJECT ADDED ENTRY--TOPICAL TERM
Topical term or geographic name entry element Psychoanalysis.
650 #0 - SUBJECT ADDED ENTRY--TOPICAL TERM
Topical term or geographic name entry element Psychotherapist and patient.
700 1# - ADDED ENTRY--PERSONAL NAME
Personal name Dare, Christopher.
700 1# - ADDED ENTRY--PERSONAL NAME
Personal name Holder, Alex.
Holdings
Withdrawn status Lost status Damaged status Not for loan Home library Current library Shelving location Date acquired Total checkouts Full call number Barcode Date last seen Price effective from Koha item type
        Franklin Franklin General stacks 22/03/2026   RC506 .S24 BC0010415 22/03/2026 22/03/2026 Books